000 00352 a2200169 4500
001 182694
020 _a85-01-02475-9
040 _cMagnum
100 _aAndrade, Carlos Drummond de
240 1 0 _aBoca de luar
_lpor
245 1 0 _aBoca de luar
300 _a217
362 0 _a1998
440 1 _aRecord
697 _aLITERATURA GERAL
942 _cBK
999 _c182694
_d182694